[Event "DVM U10 2014"]
[Site "Magdeburg GER"]
[Date "2014.12.28"]
[Round "3"]
[White "Hoffmann, Simon"]
[Black "Nguyen, Alex Dac-Vuong"]
[Result "0-1"]
[Termination "normal"]
[Board "1.1"]
[WhiteElo "1344"]
[BlackElo "1835"]
[WhiteTeam "USC Magdeburg"]
[BlackTeam "BSG Grün-Weiß Leipzig 1"]
[PlyCount "70"]
[WhiteFideId "12979686"]
[BlackFideId "12984388"]
[EventCountry "GER"]
[EventRounds "7"]
[EventType "team-swiss"]
[EventDate "2014.12.27"]

1. e4 e6 2. d4 d5 3. exd5 exd5 4. Nf3 Bd6 5. Bd3 Ne7 6. O-O O-O 7. Be3 Bf5 8.
c3 Qd7 9. Re1 Nbc6 10. Qc2 Bxd3 11. Qxd3 Ng6 12. Nbd2 Rfe8 13. Nb3 b6 14. Qb5
a6 15. Qxd5 Bxh2+ 16. Kxh2 Qxd5 17. Rh1 Nce7 18. Nbd2 Nf5 19. Rhe1 Nxe3 20.
fxe3 Qh5+ 21. Kg1 Nh4 22. Kf2 Qg4 23. g3 Nxf3 24. Nxf3 Re7 25. Rh1 Rae8 26. Rh4
Qf5 27. Re1 Re4 28. Rhh1 g6 29. Rh6 f6 30. Re2 Rxe3 31. Rxe3 Qc2+ 32. Kg1 Rxe3
33. Rh2 Qd1+ 34. Kg2 Qxf3+ 35. Kg1 Re1# 0-1

[Event "DVM U10 2014"]
[Site "Magdeburg GER"]
[Date "2014.12.28"]
[Round "3"]
[White "Haufe, Laurin"]
[Black "Khanbekyan, Areg"]
[Result "1-0"]
[Termination "normal"]
[Board "1.2"]
[WhiteElo "1476"]
[BlackElo "1095"]
[WhiteTeam "BSG Grün-Weiß Leipzig 1"]
[BlackTeam "USC Magdeburg"]
[PlyCount "109"]
[WhiteFideId "12976504"]
[BlackFideId "12993727"]
[EventCountry "GER"]
[EventRounds "7"]
[EventType "team-swiss"]
[EventDate "2014.12.27"]

1. d4 Nf6 2. Nf3 e6 3. Nc3 Bb4 4. a3 Bxc3+ 5. bxc3 b6 6. Bg5 Bb7 7. e3 O-O 8.
Bd3 d6 9. e4 h6 10. Bh4 e5 11. dxe5 dxe5 12. Nxe5 Re8 13. Ng4 Nbd7 14. O-O Bxe4
15. Nxf6+ Nxf6 16. Bxf6 Qxf6 17. Bxe4 Rxe4 18. Qd3 Rae8 19. Rad1 Re2 20. h3 Qg6
21. Qxg6 fxg6 22. Rd7 Rxc2 23. Rxc7 a5 24. Rc6 Rb8 25. Re1 Kf7 26. Ree6 g5 27.
Re3 b5 28. Ra6 a4 29. Rf3+ Ke7 30. Rg6 Kd7 31. Rxg7+ Kd6 32. Rg6+ Kd7 33. Rxh6
Rc8 34. Rf7+ Ke8 35. Rh8+ Kxf7 36. Rxc8 Rc1+ 37. Kh2 Ra1 38. Rb8 Rxa3 39. Rxb5
Rxc3 40. Ra5 Rc4 41. g3 Kg6 42. Kg2 Kf6 43. Kf3 Kg6 44. Ke3 Kf6 45. Kd3 Rc8 46.
Rxa4 Rd8+ 47. Ke4 Re8+ 48. Kf3 Kg6 49. Kg4 Rf8 50. Ra6+ Kg7 51. Kxg5 Rxf2 52.
Ra7+ Kg8 53. Kg6 Rf8 54. g4 Re8 55. h4 1-0

[Event "DVM U10 2014"]
[Site "Magdeburg GER"]
[Date "2014.12.28"]
[Round "3"]
[White "Hoffmann, Siegfried"]
[Black "Hinze, Aaron"]
[Result "0-1"]
[Termination "normal"]
[Board "1.3"]
[WhiteElo "1231"]
[BlackElo "1271"]
[WhiteClock "00:59:58"]
[BlackClock "00:59:51"]
[WhiteTeam "USC Magdeburg"]
[BlackTeam "BSG Grün-Weiß Leipzig 1"]
[PlyCount "58"]
[WhiteFideId "16252268"]
[BlackFideId "12990183"]
[EventCountry "GER"]
[EventRounds "7"]
[EventType "team-swiss"]
[EventDate "2014.12.27"]

1. e4 e5 2. Nf3 Nc6 3. Bc4 Bc5 4. d3 h6 5. Nc3 Nf6 6. Bd2 O-O 7. h3 d6 8. g4
Nd4 9. g5 Ne8 10. gxh6 Qf6 11. Nxd4 Bxd4 12. Qe2 gxh6 13. Nd5 Qh4 14. c3 Bb6
15. Nxb6 axb6 16. O-O-O Be6 17. Qe3 Kh7 18. Be1 Qf6 19. f3 Bxc4 20. dxc4 Rxa2
21. h4 Ng7 22. Kb1 Rfa8 23. Kc2 Qe6 24. Bd2 Qxc4 25. Qxh6+ Kg8 26. Rhg1 Rxb2+
27. Kxb2 Qb5+ 28. Kc2 Ra2+ 29. Kc1 Qb2# 0-1

[Event "DVM U10 2014"]
[Site "Magdeburg GER"]
[Date "2014.12.28"]
[Round "3"]
[White "Rose, Noah"]
[Black "Pikalow, Michael"]
[Result "1-0"]
[Termination "normal"]
[Board "1.4"]
[WhiteElo "1213"]
[BlackElo "970"]
[WhiteClock "00:26:24"]
[BlackClock "00:40:58"]
[WhiteTeam "BSG Grün-Weiß Leipzig 1"]
[BlackTeam "USC Magdeburg"]
[PlyCount "81"]
[WhiteFideId "12990191"]
[BlackFideId "16227638"]
[EventCountry "GER"]
[EventRounds "7"]
[EventType "team-swiss"]
[EventDate "2014.12.27"]

1. e4 e5 2. Nf3 d6 3. d4 Nc6 4. d5 Nb8 5. h3 Nf6 6. Nc3 b6 7. Bb5+ Bd7 8. Bxd7+
Nbxd7 9. Be3 a6 10. O-O b5 11. a3 Rb8 12. Qe2 Nc5 13. Bxc5 dxc5 14. Nxe5 Qd6
15. Nc6 Rb6 16. e5 Qd7 17. exf6+ Be7 18. Qxe7+ Qxe7 19. fxe7 Kd7 20. Rfe1 Re8
21. Rad1 f6 22. Re3 h6 23. Rg3 g5 24. Rf3 f5 25. Rxf5 Kd6 26. Rf6+ Kd7 27. Rf8
Rxe7 28. Nxe7 Kxe7 29. Rf3 b4 30. d6+ cxd6 31. Nd5+ Ke8 32. Nxb6 Kd8 33. Rf7
bxa3 34. Rxd6+ Ke8 35. Ra7 axb2 36. Rd1 c4 37. Nxc4 a5 38. Rb1 Kd8 39. Rxb2 Kc8
40. Nd6+ Kd8 41. Rb8# 1-0

[Event "DVM U10 2014"]
[Site "Magdeburg GER"]
[Date "2014.12.28"]
[Round "3"]
[White "Brunner, Sophia"]
[Black "Diderle, Konstantin"]
[Result "1-0"]
[Termination "normal"]
[Board "2.1"]
[WhiteElo "1429"]
[BlackElo "1486"]
[WhiteClock "00:02:31"]
[BlackClock "00:04:10"]
[WhiteTeam "Hagener SV 1"]
[BlackTeam "Peiner SV"]
[PlyCount "139"]
[WhiteFideId "12960683"]
[BlackFideId "12965197"]
[EventCountry "GER"]
[EventRounds "7"]
[EventType "team-swiss"]
[EventDate "2014.12.27"]

1. e4 c5 2. c3 Nc6 3. d4 cxd4 4. cxd4 d6 5. Nc3 g6 6. h3 Bg7 7. Nf3 Nf6 8. Bb5
O-O 9. d5 Ne5 10. Nxe5 dxe5 11. O-O a6 12. Bd3 e6 13. Bg5 exd5 14. Nxd5 Be6 15.
Nxf6+ Bxf6 16. Bxf6 Qxf6 17. Qe2 Rfd8 18. Rfd1 Qg5 19. Qf3 Qe7 20. a3 Rd4 21.
Be2 Rad8 22. Rxd4 Rxd4 23. Rd1 Qd7 24. Rxd4 Qxd4 25. b4 Qb2 26. Qd3 Qb3 27.
Qxb3 Bxb3 28. Kf1 Kf8 29. Ke1 Ke7 30. Kd2 Kd6 31. Kc3 Be6 32. h4 b5 33. g3 Bh3
34. g4 f5 35. exf5 gxf5 36. gxf5 Bxf5 37. a4 Kc6 38. axb5+ axb5 39. f3 Bd7 40.
Bd3 h6 41. Be4+ Kd6 42. Kd3 Ke6 43. Ke3 Kf6 44. f4 Ke6 45. Kf3 Kf6 46. Kg3 h5
47. fxe5+ Kxe5 48. Bg6 Bg4 49. Be8 Be2 50. Kf2 Bc4 51. Bxh5 Kf4 52. Be2 Ke4 53.
Bxc4 bxc4 54. Ke2 Kd4 55. Kd2 c3+ 56. Kc2 Kc4 57. h5 Kxb4 58. h6 Kc5 59. h7 Kd6
60. h8=Q Ke7 61. Qxc3 Kd6 62. Qa5 Kc6 63. Kc3 Kd6 64. Kc4 Ke6 65. Kd4 Kd6 66.
Qb6+ Ke7 67. Kd5 Kd7 68. Qb7+ Ke8 69. Ke6 Kf8 70. Qf7# 1-0

[Event "DVM U10 2014"]
[Site "Magdeburg GER"]
[Date "2014.12.28"]
[Round "3"]
[White "Miszori, Yannick"]
[Black "Buchloh, Adrian"]
[Result "0-1"]
[Termination "normal"]
[Board "2.2"]
[WhiteElo "1219"]
[BlackElo "1580"]
[WhiteClock "00:20:23"]
[BlackClock "00:04:48"]
[WhiteTeam "Peiner SV"]
[BlackTeam "Hagener SV 1"]
[PlyCount "121"]
[WhiteFideId "16214560"]
[BlackFideId "12960675"]
[EventCountry "GER"]
[EventRounds "7"]
[EventType "team-swiss"]
[EventDate "2014.12.27"]

1. Nf3 d5 2. c4 Nf6 3. d4 e6 4. Nc3 c6 5. Bg5 Bb4 6. Qc2 Nbd7 7. e3 O-O 8. Bd3
h6 9. Bh4 Re8 10. O-O Bd6 11. Rfd1 Qc7 12. c5 Be7 13. b4 Nf8 14. Bg3 Qd7 15. a4
Nh5 16. Be5 Nf6 17. b5 Qd8 18. a5 N8d7 19. Bg3 Nh5 20. Rdb1 Nxg3 21. hxg3 Bf6
22. b6 a6 23. Ne2 e5 24. dxe5 Nxe5 25. Nxe5 Bxe5 26. Ra4 Be6 27. Nd4 Bxd4 28.
Rxd4 Qd7 29. Rc1 Rad8 30. Bh7+ Kf8 31. Bf5 Bxf5 32. Qxf5 Qe6 33. Qh7 Rc8 34.
Rf4 f6 35. Qg6 Qf7 36. Qh7 Rcd8 37. Rg4 Rc8 38. Qh8+ Qg8 39. Qxg8+ Kxg8 40. Kf1
Kf7 41. Ke2 Re6 42. Rd1 Rce8 43. Rf4 Re4 44. Rxe4 Rxe4 45. Rd4 Ke6 46. Kd3 f5
47. f3 Re5 48. Rf4 g5 49. Rd4 Kf6 50. Ke2 h5 51. Kd3 f4 52. Ke2 Kg6 53. Kd3 Re6
54. Ke2 Re7 55. Kf2 Kf6 56. Ke2 Rd7 57. Rd1 Ke5 58. Kd3 Kf6 59. Ke2 Rg7 60. Kf2
fxg3+ 61. Kxg3 0-1

[Event "DVM U10 2014"]
[Site "Magdeburg GER"]
[Date "2014.12.28"]
[Round "3"]
[White "Scheidt, Mike Niklas"]
[Black "Heuer, Adrian"]
[Result "1-0"]
[Termination "normal"]
[Board "2.3"]
[WhiteElo "1363"]
[BlackElo "1024"]
[WhiteTeam "Hagener SV 1"]
[BlackTeam "Peiner SV"]
[PlyCount "103"]
[WhiteFideId "12965235"]
[EventCountry "GER"]
[EventRounds "7"]
[EventType "team-swiss"]
[EventDate "2014.12.27"]

1. d4 g6 2. Bf4 Bg7 3. e3 d6 4. Nf3 Nh6 5. Bd3 f5 6. e4 O-O 7. Qe2 Re8 8. e5
Nc6 9. O-O Be6 10. Nc3 d5 11. Qd2 Nf7 12. Bb5 Qd7 13. Ng5 a6 14. Bxc6 Qxc6 15.
Nxf7 Bxf7 16. Bh6 Qb6 17. Bxg7 Kxg7 18. Rab1 h6 19. Rfe1 g5 20. Qe3 f4 21. Qd2
c5 22. dxc5 Qxc5 23. e6 Bg6 24. Re5 Rad8 25. Rxd5 Rxd5 26. Qxd5 Qxd5 27. Nxd5
Bxc2 28. Rc1 Bf5 29. Re1 Kg6 30. h4 Bd3 31. g3 Bc4 32. Nc3 gxh4 33. gxh4 Kf5
34. b3 Rg8+ 35. Kh2 Bxe6 36. Ne2 Rg4 37. Nd4+ Kf6 38. Rxe6+ Kf7 39. Rxh6 f3 40.
Nxf3 Rf4 41. Kg3 e5 42. Nxe5+ Ke7 43. Kxf4 Kd8 44. Rg6 a5 45. h5 a4 46. h6 axb3
47. axb3 b5 48. h7 b4 49. h8=Q+ Ke7 50. Qf6+ Ke8 51. Qf7+ Kd8 52. Qd7# 1-0

[Event "DVM U10 2014"]
[Site "Magdeburg GER"]
[Date "2014.12.28"]
[Round "3"]
[White "Post, Patrick"]
[Black "Schmidt, Paul"]
[Result "0-1"]
[Termination "normal"]
[Board "2.4"]
[WhiteElo "835"]
[BlackElo "891"]
[WhiteClock "00:36:59"]
[BlackClock "00:26:46"]
[WhiteTeam "Peiner SV"]
[BlackTeam "Hagener SV 1"]
[PlyCount "74"]
[BlackFideId "16214137"]
[EventCountry "GER"]
[EventRounds "7"]
[EventType "team-swiss"]
[EventDate "2014.12.27"]

1. e4 Nf6 2. Nc3 e5 3. Nf3 d6 4. Bc4 Qe7 5. Ng5 Be6 6. Bxe6 fxe6 7. Qe2 Nbd7 8.
Qb5 O-O-O 9. Qb3 d5 10. exd5 exd5 11. Nxd5 Nxd5 12. Qxd5 Qxg5 13. O-O Nf6 14.
Qa5 Kb8 15. d3 Qf5 16. Re1 Ng4 17. h3 Qxf2+ 18. Kh1 Nf6 19. Be3 b6 20. Qxe5
Qxc2 21. Rac1 Bd6 22. Qf5 Qa4 23. b3 Qd7 24. Qf3 Rhe8 25. Rc4 Re7 26. a4 Re5
27. b4 Qe7 28. Bd2 Rf8 29. Rb1 Nd5 30. Qd1 Ne3 31. Bxe3 Rxe3 32. a5 Kb7 33.
axb6 axb6 34. Rbc1 Bxb4 35. Qg1 Bc5 36. Kh2 Rxd3 37. Re1 Qd6+ 0-1

[Event "DVM U10 2014"]
[Site "Magdeburg GER"]
[Date "2014.12.28"]
[Round "3"]
[White "Prieb, Robert"]
[Black "Zeuner, Ole"]
[Result "0-1"]
[Termination "normal"]
[Board "3.1"]
[WhiteElo "1396"]
[BlackElo "1484"]
[WhiteClock "00:50:44"]
[BlackClock "00:34:23"]
[WhiteTeam "SK Blauer Springer Paderborn 1"]
[BlackTeam "Schachzwerge Magdeburg 1"]
[PlyCount "136"]
[WhiteFideId "16212002"]
[BlackFideId "12943576"]
[EventCountry "GER"]
[EventRounds "7"]
[EventType "team-swiss"]
[EventDate "2014.12.27"]

1. d4 Nf6 2. c4 c5 3. d5 b5 4. cxb5 a6 5. bxa6 Bxa6 6. Nc3 d6 7. e4 Bxf1 8.
Kxf1 g6 9. Nf3 Bg7 10. g3 O-O 11. Kg2 Nbd7 12. h3 Qa5 13. Re1 Rfb8 14. e5 dxe5
15. Nxe5 Nxe5 16. Rxe5 Qd8 17. Re2 Rb7 18. Rb1 Rd7 19. Rd2 Ra6 20. Qf3 Rad6 21.
Ne4 Nxe4 22. Qxe4 Rxd5 23. Rxd5 Rxd5 24. Be3 Re5 25. Qc6 Qd5+ 26. Qxd5 Rxd5 27.
a3 c4 28. Kf1 Rb5 29. Bc1 Rb3 30. a4 c3 31. Ke2 cxb2 32. Bd2 Ra3 33. Kd1 Rxa4
34. Kc2 Ra1 35. Rxb2 Bxb2 36. Kxb2 Ra8 37. Be3 Kg7 38. Kc3 Ra3+ 39. Kd4 Rxe3
40. Kxe3 f5 41. f4 Kf6 42. Kd4 h6 43. h4 g5 44. h5 gxf4 45. gxf4 e5+ 46. fxe5+
Ke6 47. Ke3 Kxe5 48. Kf3 f4 49. Ke2 Kf5 50. Kf3 Kg5 51. Ke2 Kxh5 52. Kf3 Kg5
53. Kg2 Kg4 54. Kf2 h5 55. Kg2 h4 56. Kf2 h3 57. Kg1 f3 58. Kf1 h2 59. Kf2 Kh3
60. Kxf3 h1=Q+ 61. Kf4 Qd5 62. Ke3 Qc4 63. Kf3 Kh4 64. Ke3 Kg4 65. Kd2 Kf3 66.
Kd1 Qa2 67. Kc1 Ke3 68. Kd1 Qb1# 0-1

[Event "DVM U10 2014"]
[Site "Magdeburg GER"]
[Date "2014.12.28"]
[Round "3"]
[White "Morgenstern, Tobias"]
[Black "Meier, Silas"]
[Result "0-1"]
[Termination "normal"]
[Board "3.2"]
[WhiteElo "1342"]
[BlackElo "1278"]
[WhiteClock "00:05:55"]
[BlackClock "00:03:41"]
[WhiteTeam "Schachzwerge Magdeburg 1"]
[BlackTeam "SK Blauer Springer Paderborn 1"]
[PlyCount "102"]
[WhiteFideId "12974390"]
[BlackFideId "16210662"]
[EventCountry "GER"]
[EventRounds "7"]
[EventType "team-swiss"]
[EventDate "2014.12.27"]

1. e4 e6 2. d4 d5 3. exd5 exd5 4. Bd3 Bd6 5. Nf3 Ne7 6. O-O Bg4 7. Bg5 f6 8.
Be3 Nbc6 9. c3 Qd7 10. Nbd2 O-O-O 11. b4 Rde8 12. b5 Nd8 13. a4 Kb8 14. a5 Nc8
15. Qb3 g5 16. c4 dxc4 17. Bxc4 h5 18. d5 Bxf3 19. Nxf3 g4 20. Nd2 h4 21. b6 a6
22. bxc7+ Bxc7 23. Bxa6 Qd6 24. g3 Qxa6 25. Nc4 f5 26. Bb6 hxg3 27. fxg3 Re2
28. Bxc7+ Kxc7 29. Rf2 Rxf2 30. Kxf2 Rxh2+ 31. Kg1 Qh6 32. d6+ Kb8 33. Ra3 Rh1+
34. Kf2 Qh2+ 35. Ke3 Qxg3+ 36. Kd4 Qxb3 37. Rxb3 Rh3 38. Rb5 g3 39. Rxf5 g2 40.
Rg5 Ne6+ 41. Ke5 Nxg5 42. Kf5 g1=Q 43. Ke5 Nf7+ 44. Ke6 Nfxd6 45. Nxd6 Nxd6 46.
Kxd6 Rc3 47. Ke5 Qd1 48. Ke4 Qe2+ 49. Kf5 Rf3+ 50. Kg4 Qg2+ 51. Kh4 Rh3# 0-1

[Event "DVM U10 2014"]
[Site "Magdeburg GER"]
[Date "2014.12.28"]
[Round "3"]
[White "Bornemann, Malte"]
[Black "Eschner, Fabian"]
[Result "1/2-1/2"]
[Termination "normal"]
[Board "3.3"]
[WhiteElo "966"]
[BlackElo "1216"]
[WhiteClock "00:42:20"]
[BlackClock "00:30:04"]
[WhiteTeam "SK Blauer Springer Paderborn 1"]
[BlackTeam "Schachzwerge Magdeburg 1"]
[PlyCount "87"]
[WhiteFideId "16284470"]
[BlackFideId "16232860"]
[EventCountry "GER"]
[EventRounds "7"]
[EventType "team-swiss"]
[EventDate "2014.12.27"]

1. d4 c5 2. c3 Nf6 3. Bf4 e6 4. Nf3 d5 5. Qb3 Nc6 6. e3 a6 7. Qa4 Bd7 8. Qb3 b5
9. Ne5 Na5 10. Qc2 c4 11. Bg5 Be7 12. Nxd7 Qxd7 13. b3 Ne4 14. Bxe7 Qxe7 15.
bxc4 Nxc4 16. Bxc4 bxc4 17. Qa4+ Qd7 18. Qxd7+ Kxd7 19. f3 Nd6 20. a4 Rhe8 21.
O-O Ke7 22. Re1 Kf8 23. Nd2 e5 24. Kf2 f5 25. Re2 e4 26. f4 Rab8 27. Ree1 Rb2
28. Ke2 Nb7 29. Rab1 Rxb1 30. Rxb1 Na5 31. g3 Kf7 32. h4 Re7 33. Rb6 Re6 34.
Rxe6 Kxe6 35. Kd1 Nc6 36. Kc2 a5 37. Nb1 Kf6 38. Kd2 h6 39. Ke2 g5 40. h5 g4
41. Na3 Ke6 42. Nb5 Kd7 43. Na3 Ne7 44. Nc2 1/2-1/2

[Event "DVM U10 2014"]
[Site "Magdeburg GER"]
[Date "2014.12.28"]
[Round "3"]
[White "Mirschel, Thaddeus"]
[Black "Yin, Haode"]
[Result "1-0"]
[Termination "normal"]
[Board "3.4"]
[WhiteElo "1006"]
[BlackElo "924"]
[WhiteClock "00:25:04"]
[BlackClock "00:18:38"]
[WhiteTeam "Schachzwerge Magdeburg 1"]
[BlackTeam "SK Blauer Springer Paderborn 1"]
[PlyCount "113"]
[WhiteFideId "16277570"]
[BlackFideId "16261348"]
[EventCountry "GER"]
[EventRounds "7"]
[EventType "team-swiss"]
[EventDate "2014.12.27"]

1. e4 e6 2. d4 d5 3. Nc3 dxe4 4. Nxe4 Bd6 5. Nf3 Nd7 6. Bc4 Ngf6 7. Bg5 a6 8.
O-O b5 9. Bb3 Bb7 10. Re1 Be7 11. Bxf6 Nxf6 12. Nxf6+ Bxf6 13. Qd3 Bxf3 14.
Qxf3 O-O 15. c3 b4 16. Bc2 bxc3 17. bxc3 c5 18. Qh3 g6 19. dxc5 Bxc3 20. Qxc3
Rc8 21. Rad1 Qe7 22. c6 Rc7 23. Bd3 Rfc8 24. Be4 f5 25. Bf3 Re8 26. Re2 Qh4 27.
Rde1 Kf7 28. Rd2 Qe7 29. Red1 Kg8 30. Rd7 Rxd7 31. Rxd7 Rb8 32. h3 Qf8 33. c7
Rc8 34. Bb7 Rxc7 35. Rxc7 Qh6 36. Qf6 Qf8 37. Rc8 Qxc8 38. Bxc8 h5 39. Bxe6+
Kh7 40. Bxf5 gxf5 41. Qxf5+ Kh8 42. g4 h4 43. g5 a5 44. g6 Kg7 45. Qf7+ Kh6 46.
Qh7+ Kg5 47. Qe7+ Kxg6 48. Qxh4 a4 49. Qxa4 Kh5 50. Qg4+ Kh6 51. a4 Kh7 52. a5
Kh8 53. a6 Kh7 54. a7 Kh8 55. a8=Q+ Kh7 56. Qag8+ Kh6 57. Q4g5# 1-0

[Event "DVM U10 2014"]
[Site "Magdeburg GER"]
[Date "2014.12.28"]
[Round "3"]
[White "Bergauz, Igal"]
[Black "Weihrauch, Jakob"]
[Result "1/2-1/2"]
[Termination "normal"]
[Board "4.1"]
[WhiteElo "1777"]
[BlackElo "1602"]
[WhiteClock "00:42:32"]
[BlackClock "00:49:04"]
[WhiteTeam "SK München Südost"]
[BlackTeam "Hamburger SK 1"]
[PlyCount "62"]
[WhiteFideId "12977284"]
[BlackFideId "16210115"]
[EventCountry "GER"]
[EventRounds "7"]
[EventType "team-swiss"]
[EventDate "2014.12.27"]

1. e4 c5 2. Nf3 d6 3. d4 cxd4 4. Nxd4 Nf6 5. Nc3 a6 6. f3 e5 7. Nb3 Be7 8. Be3
Be6 9. Qd2 O-O 10. g4 d5 11. g5 d4 12. gxf6 Bxf6 13. Bxd4 exd4 14. Ne2 Nc6 15.
f4 Bxb3 16. axb3 Be7 17. Rg1 Bb4 18. c3 dxc3 19. bxc3 Bc5 20. Qxd8 Raxd8 21.
Rg3 f6 22. Bg2 Rf7 23. b4 Bb6 24. Bh3 Re7 25. Bg2 Red7 26. Bh3 Rd6 27. Rb1 Kf7
28. Kf1 Na7 29. c4 Rd1+ 30. Rxd1 Rxd1+ 31. Kg2 Re1 1/2-1/2

[Event "DVM U10 2014"]
[Site "Magdeburg GER"]
[Date "2014.12.28"]
[Round "3"]
[White "Klaas, Heiko"]
[Black "Grunert, Friedrich"]
[Result "1-0"]
[Termination "normal"]
[Board "4.2"]
[WhiteElo "1107"]
[BlackElo "1492"]
[WhiteTeam "Hamburger SK 1"]
[BlackTeam "SK München Südost"]
[PlyCount "120"]
[WhiteFideId "16215940"]
[BlackFideId "12995592"]
[EventCountry "GER"]
[EventRounds "7"]
[EventType "team-swiss"]
[EventDate "2014.12.27"]

1. e4 e6 2. d4 d5 3. e5 c5 4. c3 Nc6 5. Nf3 Qb6 6. Bd3 Bd7 7. Bc2 cxd4 8. cxd4
Nh6 9. O-O Rc8 10. a3 Qc7 11. b4 Nxb4 12. axb4 Qxc2 13. Qxc2 Rxc2 14. Rxa7 Nf5
15. Rxb7 Be7 16. b5 O-O 17. Rxd7 Rfc8 18. Bf4 Rb8 19. Ra7 h6 20. h3 Rb2 21. Nc3
Bb4 22. Rc1 Rc8 23. Na2 Rxc1+ 24. Nxc1 Bc3 25. Rc7 Bxd4 26. Nxd4 Nxd4 27. Nd3
Rb1+ 28. Kh2 Nxb5 29. Rb7 Nc3 30. Rxb1 Nxb1 31. g4 Nc3 32. f3 Ne2 33. Bd2 Nd4
34. Kg2 Nb3 35. Bc3 Kf8 36. Kf2 Ke7 37. Ke2 Kd7 38. Kd1 Kc6 39. Kc2 Nc5 40.
Nxc5 Kxc5 41. Kd3 Kc6 42. f4 Kd7 43. h4 Ke7 44. Ke3 Kf8 45. Kf3 Kg8 46. h5 Kh7
47. g5 hxg5 48. fxg5 Kg8 49. Kf4 Kh7 50. Bd2 Kg8 51. Kg4 Kh7 52. Kg3 g6 53.
hxg6+ fxg6 54. Kg4 Kg7 55. Kf3 Kf8 56. Ke3 Ke7 57. Kd4 Kf8 58. Kc5 Ke7 59. Bb4
Kd7 60. Kb6 d4 {Rest nicht nachvollziehbar} 1-0

[Event "DVM U10 2014"]
[Site "Magdeburg GER"]
[Date "2014.12.28"]
[Round "3"]
[White "Klonov, Jakov"]
[Black "Bölke, Roman"]
[Result "1-0"]
[Termination "normal"]
[Board "4.3"]
[WhiteElo "978"]
[BlackElo "1019"]
[WhiteClock "00:42:45"]
[BlackClock "00:00:05"]
[WhiteTeam "SK München Südost"]
[BlackTeam "Hamburger SK 1"]
[PlyCount "133"]
[WhiteFideId "16211928"]
[EventCountry "GER"]
[EventRounds "7"]
[EventType "team-swiss"]
[EventDate "2014.12.27"]

1. e4 c5 2. c3 d6 3. d4 cxd4 4. cxd4 Nf6 5. Nc3 e6 6. Nf3 Be7 7. Bd3 a6 8. Be3
Nbd7 9. O-O O-O 10. Re1 b5 11. a4 b4 12. Ne2 Nb6 13. Rc1 Bb7 14. Qd2 a5 15. b3
Qd7 16. Bb5 Bc6 17. Bxc6 Nxe4 18. Bxd7 Nxd2 19. Nxd2 Nxd7 20. Nf4 e5 21. dxe5
dxe5 22. Nd5 Bd6 23. Ne4 Ra6 24. Nxd6 Rxd6 25. Rcd1 Kh8 26. Nb6 Rxb6 27. Rxd7
Ra6 28. Red1 Raa8 29. Bb6 Rac8 30. Rd8 Kg8 31. Rxf8+ Kxf8 32. Rd8+ Rxd8 33.
Bxd8 Ke8 34. Bxa5 Kd7 35. Bxb4 Kc6 36. Kf1 Kd5 37. Ke2 f5 38. a5 Kc6 39. Ke3
Kb5 40. Be1 g6 41. a6 Kxa6 42. Kd3 Kb5 43. Bc3 e4+ 44. Ke3 h5 45. Kf4 Kc5 46.
Kg5 f4 47. Kxf4 Kd5 48. b4 Kc4 49. b5 Kxb5 50. Kxe4 Kc4 51. Bf6 Kc5 52. Kf4 Kd5
53. Kg5 Ke6 54. Kxg6 h4 55. Bxh4 Kd7 56. f4 Ke8 57. Kf6 Kf8 58. f5 Kg8 59. Ke7
Kh8 60. f6 Kg8 61. f7+ Kh7 62. f8=Q Kg6 63. Qf6+ Kh7 64. Ke6 Kg8 65. Qe7 Kh8
66. Bf6+ Kg8 67. Qg7# 1-0

[Event "DVM U10 2014"]
[Site "Magdeburg GER"]
[Date "2014.12.28"]
[Round "3"]
[White "Huo, Da"]
[Black "Grunert, Wilhelm"]
[Result "1-0"]
[Termination "normal"]
[Board "4.4"]
[WhiteElo "600"]
[BlackElo "835"]
[WhiteTeam "Hamburger SK 1"]
[BlackTeam "SK München Südost"]
[PlyCount "95"]
[WhiteFideId "16221206"]
[BlackFideId "12995673"]
[EventCountry "GER"]
[EventRounds "7"]
[EventType "team-swiss"]
[EventDate "2014.12.27"]

1. e4 e5 2. Nf3 Nc6 3. Bc4 Bc5 4. d3 Nf6 5. Bg5 d6 6. g3 Be6 7. Bb5 Bd7 8. Nc3
a6 9. Bc4 b5 10. Bb3 Be6 11. Nd5 a5 12. a4 Bb4+ 13. c3 bxa4 14. Bxa4 Bc5 15.
Bxc6+ Bd7 16. Bxa8 Qxa8 17. b4 a4 18. Nxc7+ Ke7 19. Bxf6+ gxf6 20. Nxa8 Rxa8
21. bxc5 dxc5 22. Nd2 Rg8 23. g4 Kd6 24. Nc4+ Ke7 25. Nb6 Bc6 26. Nxa4 Ra8 27.
Nxc5 Rc8 28. Ra7+ Ke8 29. Qa1 h6 30. Nb7 Ke7 31. Qa3+ Ke6 32. Qa6 Ke7 33. Na5+
Kd6 34. Ra8 Rc7 35. Rd8+ Kc5 36. Rc8 Rxc8 37. Qxc8 Kb5 38. Nxc6 Kc5 39. d4+
exd4 40. cxd4+ Kc4 41. O-O Kb5 42. Rb1+ Kc4 43. Qa6+ Kc3 44. Rc1+ Kd2 45. Qc4
h5 46. Qc3+ Ke2 47. Rc2+ Kd1 48. Qd2# 1-0

[Event "DVM U10 2014"]
[Site "Magdeburg GER"]
[Date "2014.12.28"]
[Round "3"]
[White "Kamp, Adrian"]
[Black "Glinzner, Alva"]
[Result "1-0"]
[Termination "normal"]
[Board "5.1"]
[WhiteElo "1413"]
[BlackElo "1060"]
[WhiteTeam "SK Münster 32"]
[BlackTeam "Lübecker SV von 1873 1"]
[PlyCount "62"]
[WhiteFideId "16222466"]
[BlackFideId "16206169"]
[EventCountry "GER"]
[EventRounds "7"]
[EventType "team-swiss"]
[EventDate "2014.12.27"]

1. e4 c6 2. d4 d5 3. e5 Bf5 4. h4 h6 5. g4 Bh7 6. Bd3 Bxd3 7. Qxd3 e6 8. Nf3
Nd7 9. Bd2 Rc8 10. c4 b6 11. Nc3 g6 12. h5 g5 13. Ke2 Be7 14. Rac1 Nf8 15. Rc2
Rc7 16. Rhc1 Qd7 17. cxd5 cxd5 18. Qb5 Qxb5+ 19. Nxb5 Rxc2 20. Rxc2 f5 21. gxf5
exf5 22. Nc7+ Kf7 23. Rc6 g4 24. e6+ Kg7 25. Ne8+ Kh7 26. Ne5 Nf6 27. Nxf6+
Bxf6 28. Nf7 Rg8 29. Nxh6 Rg7 30. Nxf5 Rb7 31. Bb4 a5 1-0

[Event "DVM U10 2014"]
[Site "Magdeburg GER"]
[Date "2014.12.28"]
[Round "3"]
[White "Paulsen, Niels-Martin"]
[Black "Toval, David"]
[Result "0-1"]
[Termination "normal"]
[Board "5.2"]
[WhiteElo "1090"]
[BlackElo "1528"]
[WhiteTeam "Lübecker SV von 1873 1"]
[BlackTeam "SK Münster 32"]
[PlyCount "86"]
[WhiteFideId "16214994"]
[BlackFideId "12992755"]
[EventCountry "GER"]
[EventRounds "7"]
[EventType "team-swiss"]
[EventDate "2014.12.27"]

1. e4 c5 2. Nf3 d6 3. Nc3 Nf6 4. Bc4 a6 5. a4 e6 6. d3 Be7 7. O-O b6 8. Re1
Nbd7 9. d4 Bb7 10. d5 e5 11. b3 Bc8 12. Bb2 Nf8 13. h3 Ng6 14. Bc1 Bd7 15. Bd2
Qc8 16. Qe2 O-O 17. a5 b5 18. Bd3 h6 19. Na2 Bxh3 20. gxh3 Qxh3 21. Nh2 Nh4 22.
f3 Nh5 23. Qf2 Ng3 24. Bf1 Nxf1 25. Rxf1 f5 26. Nc3 g5 27. Be1 g4 28. exf5 Rxf5
29. Nxg4 Nxf3+ 30. Qxf3 Rxf3 31. Nxh6+ Kg7 32. Rxf3 Qxf3 33. Bd2 Rh8 34. Rf1
Qg3+ 35. Kh1 Rxh6+ 36. Bxh6+ Kxh6 37. Ne4 Qh4+ 38. Kg1 Qxe4 39. Rf2 Qe3 40. Kf1
Bh4 41. Rh2 Qe1+ 42. Kg2 Qf2+ 43. Kh1 Qf1# 0-1